Titian zuriat
| Main Author: | |
|---|---|
| Published: |
Kuala Lumpur:
Pustaka Wira,
1988.
|
| Subjects: |
| LEADER | 00419cam a2200145 7i4500 | ||
|---|---|---|---|
| 001 | 0000007061 | ||
| 005 | 20100815090000.0 | ||
| 020 | 0 | 0 | |a 9838560006 |
| 090 | 0 | 0 | |a RG 551 |b .A2 1988 |
| 100 | 0 | 0 | |a Abdul Hamid Arshat |
| 245 | 1 | 0 | |a Titian zuriat |c Prof. Dr. Abd. Hamid Arshat. |
| 260 | 0 | 0 | |a Kuala Lumpur: |b Pustaka Wira, |c 1988. |
| 300 | # | # | |a 137p: |b ill; |c 21cm.. |
| 650 | 0 | 0 | |a Pregnancy |
| 999 | |a 1000382748 |b Book |c Open Shelf |e KOLEKSI TERBUKA | ||


